000 00484nam a2200193Ia 4500
005 20240823042324.0
008 240823s9999||||xx |||||||||||||| ||und||
020 _a978-81-203-3811-1
041 _aENGLISH
082 _A005.43 P9
100 _aPabitra Pal Choudhury
245 0 _aOperating Systems Principles and Design
250 _a1st
260 _c2009
_b#VALUE!
500 _aTRANSFERED
650 _aOperating System
_bComputer Science
942 _cBK
999 _c207594
_d207594